000
00200nam a22000857a 4500
008
170526b xxu||||| |||| 00| 0 eng d
100
_9
3114
_a
NCERT
245
_a
Marrigold
260
_a
New Delhi
_b
NCERT
_c
2008
999
_c
6401
_d
6401